| 000 -LEADER |
| fixed length control field |
00828nam a22001457a 4500 |
| 008 - FIXED-LENGTH DATA ELEMENTS--GENERAL INFORMATION |
| fixed length control field |
221012b ||||| |||| 00| 0 eng d |
| 100 ## - MAIN ENTRY--PERSONAL NAME |
| Personal name |
Angmo, Padma |
| 245 ## - TITLE STATEMENT |
| Title |
Education & skilling |
| 260 ## - PUBLICATION, DISTRIBUTION, ETC. (IMPRINT) |
| Place of publication, distribution, etc |
Yojana |
| 300 ## - PHYSICAL DESCRIPTION |
| Extent |
66(9), Sep, 2022: p.31-34 |
| 520 ## - SUMMARY, ETC. |
| Summary, etc |
Ladakh is a regain unique by virtue of its location, topography, culture history and natural heritage. The difficult geographical terrain, freezing winters extending to nearly one third of the years, remote villages, and sparse population spread over a large area, lock of adequate infrastructural support and scarcity of qualified human resource has posed challenges for smooth infrastructural support and scarcity of any development initiative in Ladakh. – Reproduced |
| 773 ## - HOST ITEM ENTRY |
| Main entry heading |
Yojana |
| 906 ## - LOCAL DATA ELEMENT F, LDF (RLIN) |
| Subject DIP |
EDUCATION - JAMMU & KASHMIR |
| 942 ## - ADDED ENTRY ELEMENTS (KOHA) |
| Item type |
Articles |